ՀՀ Գիտությունների ազգային ակադեմիայի հիմնարար գիտական գրադարան  =   Fundamental Scientific Library of NAS RA
Normal view MARC view

Entry Personal Name

Number of records used in: 6

001 - CONTROL NUMBER

  • control field: 1304

003 - CONTROL NUMBER IDENTIFIER

  • control field: AM-YEHGA

005 - DATE AND TIME OF LATEST TRANSACTION

  • control field: 20250617070427.0

008 - FIXED-LENGTH DATA ELEMENTS

  • fixed length control field: 050214 a|ac|n|aab||||||||||||a |n|||||||

040 ## - CATALOGING SOURCE

  • Original cataloging agency: AM-YEHGA

100 1# - HEADING--PERSONAL NAME

  • Personal name: Քոչարյան, Արմենակ Եզեկի,
  • Dates associated with a name: 1913-1986

400 1# - SEE FROM TRACING--PERSONAL NAME

  • Personal name: Քոչարյան, Ա.Ե.
  • Fuller form of name: (Արմենակ Եզեկի),
  • Dates associated with a name: 1913-1986

400 1# - SEE FROM TRACING--PERSONAL NAME

  • Personal name: Кочарян, Арменак Езекович,
  • Dates associated with a name: 1913-1986

400 1# - SEE FROM TRACING--PERSONAL NAME

  • Personal name: Кочарян, А.Е.
  • Fuller form of name: (Арменак Езекович),
  • Dates associated with a name: 1913-1986

400 1# - SEE FROM TRACING--PERSONAL NAME

  • Personal name: Kocharyan, Armenak Ezeki,
  • Dates associated with a name: 1913-1986

670 ## - SOURCE DATA FOUND

  • Source citation: Հայկական համառոտ հանրագիտարան, 2003 :
  • Information found: հ. 4 (Քոչարյան Արմենակ Եզեկի (15.10.1913, գ. Դսեղ (ՀՀ Լոռու մարզ) - 30.7.1986, Երևան), երկրաբան։ երկրբ-հանքաբ. գիտ. դ-ր (1970), պրոֆ. (1971)։ ՀԽՍՀ վաստ. երկրաբան (1967)։ ՀԽՍՀ ԳԱ երկրբ. գիտ. ին-տի փոխտնօրեն (1964-67), տնօրեն (1967-71))

670 ## - SOURCE DATA FOUND

  • Source citation: Ինչպես են առաջացել Հայկական ՍՍՀ մետաղային հանքավայրերը, 1977 :
  • Information found: տիտղթ. (Ա.Ե. Քոչարյան); վերջ. (Քոչարյան Արմենակ Եզեկի)

670 ## - SOURCE DATA FOUND

  • Source citation: Рудный узел Алаверди-Шамлуг-Ахтала (Научные основы и методы прогноза рудоносности), 1987 :
  • Information found: т.л. (Отв. ред. А.Е. Кочарян)


ՀՀ ԳԱԱ հիմնարար գիտական գրադարան
ՀՀ,Երևան 0019
Մարշալ Բաղրամյան 24/6
հեռախոս:(374-10) 52-47-50
Հետադարձ կապ

All site content, except where otherwise noted, is licensed under a
Creative Commons License